[Event "Verona Province-ch"]
[Site "Zevio Verona"]
[Date "2014.01.26"]
[Round "6"]
[White "Di Tullio, Giuseppe"]
[Black "Zonta, Riccardo"]
[Result "0-1"]
[WhiteElo "1440"]
[BlackElo "1634"]
[PlyCount "64"]
[EventDate "2014.01.18"]
[EventType "swiss"]
[EventRounds "6"]
[EventCountry "ITA"]
[SourceTitle "EXT 2015"]
[Source "ChessBase"]
[SourceDate "2014.11.20"]
[SourceVersion "1"]
[SourceVersionDate "2014.11.20"]
[SourceQuality "1"]

1. d4 d5 2. e3 Nf6 3. Nf3 Bf5 4. Bd3 Bxd3 5. cxd3 e6 6. Nc3 c6 7. e4 h6 8. 0-0 Be7 9. e5 Nfd7 10. Bd2 Na6 11. a3 Nc7 12. b4 0-0 13. a4 a6 14. Ne2 f6 15. exf6 Bxf6 16. Qc2 e5 17. dxe5 Nxe5 18. Nxe5 Bxe5 19. d4 Bd6 20. Nc3 Qh4 21. g3 Qxd4 22. Ne2 Qg4 23. Bc3 Rae8 24. Nd4 Ne6 25. Nxe6 Rxe6 26. Rae1 Rfe8 27. Rxe6 Rxe6 28. Kg2 Re2 29. Qd3 Qe4+ 30. Qxe4 Rxe4 31. a5 Bxb4 32. Bxb4 Rxb4 0-1

[Event "Verona Province-ch"]
[Site "Zevio Verona"]
[Date "2014.01.19"]
[Round "2"]
[White "Curto, Carlo Alberto"]
[Black "Di Tullio, Giuseppe"]
[Result "1-0"]
[WhiteElo "1657"]
[BlackElo "1440"]
[PlyCount "65"]
[EventDate "2014.01.18"]
[EventType "swiss"]
[EventRounds "6"]
[EventCountry "ITA"]
[SourceTitle "EXT 2015"]
[Source "ChessBase"]
[SourceDate "2014.11.20"]
[SourceVersion "1"]
[SourceVersionDate "2014.11.20"]
[SourceQuality "1"]

1. e4 e5 2. Nf3 d6 3. d4 exd4 4. Nxd4 Nf6 5. Nc3 c5 6. Nf3 Nc6 7. Bb5 Bd7 8. 0-0 g6 9. Bg5 Bg7 10. Qxd6 a6 11. Bxc6 bxc6 12. Qxc5 Qe7 13. Qxe7+ Kxe7 14. e5 h6 15. exf6+ Bxf6 16. Bxf6+ Kxf6 17. Ne4+ Kg7 18. Nc5 Bf5 19. c3 g5 20. Rfe1 g4 21. Nd4 Kg6 22. Nxf5 Kxf5 23. g3 Rhd8 24. Rad1 Rdb8 25. b3 Kg6 26. Rd6+ f6 27. Ree6 Kg5 28. Rxf6 Re8 29. Ne6+ Kh5 30. Nf4+ Kg5 31. Rxc6 Re1+ 32. Kg2 Rae8 33. Rxh6 1-0

[Event "Verona Province-ch"]
[Site "Zevio Verona"]
[Date "2014.01.19"]
[Round "3"]
[White "Di Tullio, Giuseppe"]
[Black "Morandini, Alessandro"]
[Result "0-1"]
[WhiteElo "1440"]
[BlackElo "1307"]
[PlyCount "68"]
[EventDate "2014.01.18"]
[EventType "swiss"]
[EventRounds "6"]
[EventCountry "ITA"]
[SourceTitle "EXT 2015"]
[Source "ChessBase"]
[SourceDate "2014.11.20"]
[SourceVersion "1"]
[SourceVersionDate "2014.11.20"]
[SourceQuality "1"]

1. d4 b6 2. e4 Bb7 3. Nc3 e6 4. Bd3 Bb4 5. Bd2 Nf6 6. Nf3 Bxc3 7. Bxc3 Nxe4 8. 0-0 Nxc3 9. bxc3 d5 10. c4 0-0 11. cxd5 Bxd5 12. c4 Bb7 13. Qc2 g6 14. Be4 Bxe4 15. Qxe4 Nd7 16. Rad1 Re8 17. Qe2 Qe7 18. Rd2 c5 19. d5 exd5 20. Qd1 d4 21. Re1 Qf8 22. Rde2 Rxe2 23. Rxe2 Re8 24. Rxe8 Qxe8 25. Qa4 a5 26. Qc6 Qe6 27. Qc8+ Kg7 28. h3 d3 29. g4 Qd6 30. Qe8 d2 31. Kg2 d1Q 32. Ng5 Qc6+ 33. Kg3 Qg1+ 34. Kh4 Qxf2# 0-1

[Event "Verona Province-ch"]
[Site "Zevio Verona"]
[Date "2014.01.18"]
[Round "1"]
[White "Di Tullio, Giuseppe"]
[Black "Gneo, Marco"]
[Result "0-1"]
[WhiteElo "1440"]
[BlackElo "1775"]
[PlyCount "56"]
[EventDate "2014.01.18"]
[EventType "swiss"]
[EventRounds "6"]
[EventCountry "ITA"]
[SourceTitle "EXT 2015"]
[Source "ChessBase"]
[SourceDate "2014.11.20"]
[SourceVersion "1"]
[SourceVersionDate "2014.11.20"]
[SourceQuality "1"]

1. d4 Nf6 2. e3 e6 3. Nf3 d5 4. Nc3 c5 5. g3 Be7 6. Bg2 0-0 7. 0-0 Nbd7 8. Ne5 Nxe5 9. dxe5 Nd7 10. f4 a6 11. b3 b5 12. Ne2 Bb7 13. Bb2 Qc7 14. Qd2 Rac8 15. Rac1 Rfd8 16. a4 bxa4 17. bxa4 Nb6 18. Qe1 Nc4 19. Qc3 Bc6 20. Rf2 Rb8 21. Ba1 Rb4 22. Qd3 Bxa4 23. c3 Rbb8 24. Rcf1 Bb5 25. Qc2 Nxe3 26. Qd2 Nxf1 27. Kxf1 Bc4 28. f5 Rb1+ 0-1